ARRUPE JESUIT UNIVERSITY

CORONAVIRUS -STOP THE SPREAD - CLEAN,DISINFECT,COVER

Intelligence in nature (Record no. 131125)

MARC details
000 -LEADER
fixed length control field 00528nam a22001697a 4500
008 - FIXED-LENGTH DATA ELEMENTS--GENERAL INFORMATION
fixed length control field 211129b ||||| |||| 00| 0 eng d
020 ## - INTERNATIONAL STANDARD BOOK NUMBER
International Standard Book Number 1585423998
050 ## - LIBRARY OF CONGRESS CALL NUMBER
Classification number BF671.N37
100 ## - MAIN ENTRY--PERSONAL NAME
Personal name Narby, Jeremy
9 (RLIN) 51019
245 ## - TITLE STATEMENT
Title Intelligence in nature
Remainder of title an inquiry into knowledge
Statement of responsibility, etc /by Jeremy Narby
260 ## - PUBLICATION, DISTRIBUTION, ETC. (IMPRINT)
Place of publication, distribution, etc New York:
Name of publisher, distributor, etc Penguin,
Date of publication, distribution, etc c2005.
300 ## - PHYSICAL DESCRIPTION
Extent 267p.
Dimensions 22cm.
650 ## - SUBJECT ADDED ENTRY--TOPICAL TERM
Topical term or geographic name as entry element Psychology, Comparative
9 (RLIN) 19826
650 ## - SUBJECT ADDED ENTRY--TOPICAL TERM
Topical term or geographic name as entry element Animal Intelligence
9 (RLIN) 51020
650 ## - SUBJECT ADDED ENTRY--TOPICAL TERM
Topical term or geographic name as entry element Organisms
General subdivision Miscellanea
9 (RLIN) 51021
942 ## - ADDED ENTRY ELEMENTS (KOHA)
Source of classification or shelving scheme Library of Congress Classification
Item type Monograph ( Printed materials)
Holdings
Withdrawn status Lost status Source of classification or shelving scheme Damaged status Not for loan Collection code Home library Current library Shelving location Date acquired Total Checkouts Full call number Barcode Date last seen Copy number Price effective from Koha item type
    Library of Congress Classification     Main Collection ARRUPE LIBRARY ARRUPE LIBRARY Main Collection 29/11/2021   BF671.N37 46600007147 29/11/2021 1 29/11/2021 Monograph ( Printed materials)

 

Arrupe Library. PO Box MP320 Mt Pleasant, Harare, Zimbabwe
263 242 745411|librarian@aju.ac.zw